[Event "Miedzywojewodzkie Mistrzostwa Juniorow ("]
[Site "Centrum Konferencyjno-Sportowe"]
[Date "2012.??.??"]
[Round "5.2"]
[White "Szustakowski, Antoni"]
[Black "Oleszek, Maciej"]
[Result "0-1"]
[WhiteElo "1532"]
[BlackElo "1654"]
[PlyCount "138"]
[EventDate "2012.??.??"]

1. d4 d5 2. c4 e6 3. Nc3 Nf6 4. Bg5 Nbd7 5. e3 c6 6. Nf3 Qa5 7. Nd2 Bb4 8. Qc2
dxc4 9. Bxf6 Nxf6 10. Nxc4 Qd5 11. a3 Bxc3+ 12. bxc3 O-O 13. Ne5 Nd7 14. e4 Qa5
15. Nxd7 Bxd7 16. Bd3 c5 17. O-O Rac8 18. Qb2 b6 19. Rfc1 Rc7 20. h3 Rfc8 21.
Be2 Bc6 22. f3 Bb7 23. Bf1 Qa4 24. Bb5 Qa5 25. Bf1 h6 26. Be2 cxd4 27. cxd4 Qa4
28. Rxc7 Rxc7 29. Qb4 Qc2 30. Re1 Qc3 31. Kf1 Kh7 32. Kf2 Qc2 33. Kf1 Qa2 34.
Qa4 Bc6 35. Qb4 Bb7 36. Qa4 Bc8 37. Bd3 Rc3 38. Bb1 Rxa3 39. e5+ g6 40. Qc6
Ba6+ 41. Kg1 Qd2 42. Qe4 Ra4 43. Qh4 Qxd4+ 44. Qf2 Qxf2+ 45. Kxf2 Rd4 46. Be4
Rd2+ 47. Kg3 Bd3 48. Bb7 a5 49. Bc6 b5 50. Ra1 a4 51. Be8 Kg7 52. Bc6 Rc2 53.
Ba8 Rc3 54. Kf2 Bc4 55. Be4 a3 56. g4 a2 57. Ke1 b4 58. Kd2 Kf8 59. h4 Ke7 60.
h5 gxh5 61. gxh5 Ra3 62. Kc2 Re3 63. Kd2 Re2+ 64. Kc1 Rh2 65. Bc2 b3 66. Bxb3
Bxb3 67. f4 Rg2 68. f5 exf5 69. e6 fxe6 0-1

[Event "Miedzywojewodzkie Mistrzostwa Juniorow ("]
[Site "Centrum Konferencyjno-Sportowe"]
[Date "2012.??.??"]
[Round "5.3"]
[White "Solnicki, Maciej"]
[Black "Koseski, Damian"]
[Result "1/2-1/2"]
[WhiteElo "1506"]
[BlackElo "1645"]
[PlyCount "47"]
[EventDate "2012.??.??"]

1. e4 c5 2. Nc3 d6 3. f4 Nc6 4. Nf3 g6 5. g3 Bg7 6. Bg2 Bd7 7. O-O Nf6 8. d3
O-O 9. h3 Qc8 10. g4 h5 11. g5 Ne8 12. Kh2 Nc7 13. Qe1 b5 14. Qg3 b4 15. Ne2
Nb5 16. f5 Ne5 17. Nh4 Rd8 18. Nf4 Be8 19. Nd5 Qd7 20. f6 e6 21. Ne7+ Kh7 22.
Nexg6 fxg6 23. fxg7 Qxg7 24. Bf4 1/2-1/2

[Event "Miedzywojewodzkie Mistrzostwa Juniorow ("]
[Site "Centrum Konferencyjno-Sportowe"]
[Date "2012.??.??"]
[Round "5.4"]
[White "Trendowski, Michal"]
[Black "Gajda, Stanislaw"]
[Result "0-1"]
[WhiteElo "1421"]
[BlackElo "1637"]
[PlyCount "88"]
[EventDate "2012.??.??"]

1. e4 e5 2. Nf3 Nf6 3. Nc3 Nc6 4. Bb5 d6 5. d4 Bd7 6. Bxc6 Bxc6 7. d5 Bd7 8.
Bg5 Be7 9. Qd2 h6 10. h4 hxg5 11. Qxg5 Kf8 12. h5 Nxe4 13. Qe3 Nxc3 14. bxc3
Rh6 15. O-O-O Bg4 16. Rdg1 c6 17. c4 Bf6 18. Qe4 Qd7 19. Nh4 Rxh5 20. f3 Rxh4
21. Rxh4 Bxh4 22. Qh7 Bg5+ 23. Kb1 Ke7 24. fxg4 cxd5 25. Rf1 Qe6 26. Rf5 Bh6
27. g5 Qg6 28. Qxg6 fxg6 29. gxh6 gxf5 30. hxg7 Kf7 31. cxd5 Rg8 32. c4 Rxg7
33. c5 dxc5 34. d6 Rxg2 35. d7 Ke7 36. d8=Q+ Kxd8 37. a4 f4 38. a5 f3 39. a6
bxa6 40. Kc1 e4 41. Kd1 e3 42. Kc1 Rd2 43. Kb1 f2 44. Kc1 f1=Q# 0-1

[Event "Miedzywojewodzkie Mistrzostwa Juniorow ("]
[Site "Centrum Konferencyjno-Sportowe"]
[Date "2012.??.??"]
[Round "5.6"]
[White "Niklas, Michal"]
[Black "Mrozowski, Jan"]
[Result "1-0"]
[WhiteElo "1401"]
[BlackElo "1554"]
[PlyCount "139"]
[EventDate "2012.??.??"]

1. e4 e6 2. d4 d5 3. Nc3 Bb4 4. e5 c5 5. Nf3 Nc6 6. Be3 Bxc3+ 7. bxc3 c4 8. Be2
h6 9. O-O Bd7 10. h3 Qe7 11. Nh2 O-O-O 12. Qc1 f5 13. f4 g6 14. Rb1 b6 15. Qb2
g5 16. g3 Qg7 17. Qc1 Nge7 18. Kg2 Rdg8 19. Qd2 gxf4 20. Bxf4 Ng6 21. Bh5 Nce7
22. Rg1 Nxf4+ 23. Qxf4 Ng6 24. Bxg6 Qxg6 25. Kh1 Qg5 26. h4 Qxf4 27. gxf4 Ba4
28. Rbc1 a6 29. a3 a5 30. Rg2 Rxg2 31. Kxg2 Rg8+ 32. Kf3 Kc7 33. Kf2 Kc6 34.
Kf3 b5 35. Kf2 b4 36. axb4 axb4 37. cxb4 c3 38. Rb1 Kb5 39. Nf3 Rg4 40. Ke3 Rg2
41. Rc1 Bxc2 42. Ne1 Rg1 43. Kf2 Rh1 44. Rxc2 Rxh4 45. Rxc3 Rxf4+ 46. Nf3 Rg4
47. Rc7 Kxb4 48. Rf7 Rg8 49. Rf6 Re8 50. Rxh6 Kc3 51. Ke3 Kc4 52. Rf6 Re7 53.
Kd2 f4 54. Rxf4 Ra7 55. Rf6 Ra6 56. Ke3 Ra3+ 57. Kf4 Ra6 58. Ke3 Ra3+ 59. Kf4
Ra6 60. Kg5 Kd3 61. Kg6 Ke4 62. Kf7 Ke3 63. Ke7 Ke4 64. Kd7 Ke3 65. Rxe6 Ra7+
66. Kd6 Kxf3 67. Kxd5 Ke3 68. Rc6 Ra4 69. Rc3+ Kd2 70. Rc4 1-0

[Event "Miedzywojewodzkie Mistrzostwa Juniorow ("]
[Site "Centrum Konferencyjno-Sportowe"]
[Date "2012.??.??"]
[Round "5.7"]
[White "Konewko, Konrad"]
[Black "Drozdz, Jakub"]
[Result "1-0"]
[WhiteElo "1393"]
[BlackElo "1371"]
[PlyCount "99"]
[EventDate "2012.??.??"]

1. d4 f5 2. c4 g6 3. Nc3 Nf6 4. e3 Bg7 5. Be2 O-O 6. Nf3 Nc6 7. O-O b6 8. Bd2
Bb7 9. c5 d6 10. Ng5 Qd7 11. cxd6 cxd6 12. Bf3 d5 13. Qb3 e6 14. Rac1 Nd8 15.
Be2 Nf7 16. Nxf7 Rxf7 17. Rc2 Rc8 18. Rfc1 Ne4 19. Nxe4 fxe4 20. Rxc8+ Bxc8 21.
Qb5 Bb7 22. Bb4 Qxb5 23. Bxb5 a6 24. Be8 Rf5 25. Rc7 Ba8 26. Rc8 Bb7 27. Rb8
Bf8 28. Bc3 Bd6 29. Rxb7 Rf8 30. Rxb6 Bxh2+ 31. Kxh2 Rxe8 32. Rxa6 h5 33. a4 g5
34. Ra5 Rf8 35. Kg1 h4 36. b4 g4 37. Rc5 Rf6 38. b5 Rg6 39. b6 Rg7 40. Rc7 Rxc7
41. bxc7 Kg7 42. c8=Q Kf6 43. a5 Kf5 44. a6 g3 45. fxg3 hxg3 46. a7 Kg5 47.
Qxe6 Kh4 48. a8=R Kg5 49. Rg8+ Kh5 50. Qh3# 1-0

[Event "Miedzywojewodzkie Mistrzostwa Juniorow ("]
[Site "Centrum Konferencyjno-Sportowe"]
[Date "2012.??.??"]
[Round "6.1"]
[White "Koseski, Damian"]
[Black "Kaczkowski, Maciej"]
[Result "1/2-1/2"]
[WhiteElo "1645"]
[BlackElo "1604"]
[PlyCount "59"]
[EventDate "2012.??.??"]

1. d4 d5 2. c4 e6 3. Nc3 Be7 4. Bf4 Nf6 5. e3 O-O 6. Nf3 c6 7. cxd5 exd5 8. Bd3
Bg4 9. Qc2 Bh5 10. Ne5 Nbd7 11. f3 Bg6 12. h4 Nxe5 13. Bxe5 Bxd3 14. Qxd3 Bd6
15. Bxd6 Qxd6 16. O-O-O a5 17. g4 a4 18. Rdg1 b5 19. g5 Nh5 20. f4 Rfe8 21. Rg2
Qe6 22. Nd1 b4 23. f5 Qd6 24. Rh3 Rac8 25. Rc2 Ng3 26. Nf2 Ne4 27. Nxe4 Rxe4
28. Qa6 Qd7 29. Qf1 Qa7 30. Rc5 1/2-1/2

[Event "Miedzywojewodzkie Mistrzostwa Juniorow ("]
[Site "Centrum Konferencyjno-Sportowe"]
[Date "2012.??.??"]
[Round "6.2"]
[White "Oleszek, Maciej"]
[Black "Bober, Wojciech"]
[Result "1-0"]
[WhiteElo "1654"]
[BlackElo "1405"]
[PlyCount "103"]
[EventDate "2012.??.??"]

1. d4 d5 2. Nf3 Nf6 3. Bf4 e6 4. e3 Bd6 5. Bg3 O-O 6. Bd3 b6 7. Nbd2 Bb7 8. O-O
c5 9. c3 Bxg3 10. hxg3 Nbd7 11. Re1 Qc7 12. Qe2 Rfe8 13. e4 dxe4 14. Nxe4 Nxe4
15. Bxe4 Bxe4 16. Qxe4 Nf6 17. Qe5 Qxe5 18. Rxe5 Red8 19. Ree1 cxd4 20. Nxd4
Rac8 21. Rad1 Rd7 22. Nb5 Rcd8 23. Rxd7 Rxd7 24. Nd4 h6 25. Kf1 Kf8 26. Re2 Rd6
27. Ke1 a6 28. Kd2 Rd5 29. Kc2 Ke7 30. Nc6+ Kd6 31. Nb4 Ra5 32. c4 Kc5 33. Kc3
b5 34. Nd3+ Kc6 35. cxb5+ Kxb5 36. Ne5 Nd5+ 37. Kb3 f6 38. Nc4 Ra4 39. Nd6+ Ka5
40. Rxe6 Rb4+ 41. Kc2 Rb8 42. a3 Nc7 43. Re7 Rg8 44. Rxc7 Kb6 45. Rc3 Rd8 46.
Nc4+ Ka7 47. Rd3 Re8 48. Ne3 Rc8+ 49. Rc3 Rd8 50. Rc7+ Kb6 51. Rxg7 Rc8+ 52.
Kb1 1-0

[Event "Miedzywojewodzkie Mistrzostwa Juniorow ("]
[Site "Centrum Konferencyjno-Sportowe"]
[Date "2012.??.??"]
[Round "6.3"]
[White "Gajda, Stanislaw"]
[Black "Solnicki, Maciej"]
[Result "0-1"]
[WhiteElo "1637"]
[BlackElo "1506"]
[PlyCount "98"]
[EventDate "2012.??.??"]

1. e4 c5 2. Nf3 d6 3. d4 cxd4 4. Nxd4 Nf6 5. Nc3 a6 6. Bg5 e6 7. Be2 Be7 8. O-O
h6 9. Be3 O-O 10. Kh1 Nc6 11. Qd2 Bd7 12. f4 Qc7 13. Rf3 Ng4 14. Raf1 Nxe3 15.
Qxe3 Nxd4 16. Qxd4 Bf6 17. Qd2 Bc6 18. Rg3 e5 19. f5 Bg5 20. Qd3 Bf4 21. Rgf3
Rfd8 22. h4 h5 23. R3f2 Qb6 24. b3 Be3 25. Rf3 Bd4 26. Nd1 Bxe4 27. Qxe4 d5 28.
Qd3 e4 29. Qd2 exf3 30. Bxf3 Qf6 31. g3 Be5 32. Qg2 Qd6 33. Kh2 Rac8 34. Ne3
Qf6 35. Nxd5 Qxh4+ 36. Kg1 Bd4+ 37. Rf2 Qg5 38. c4 b5 39. f6 Rxd5 40. Bxd5 Qxf6
41. Bf3 bxc4 42. bxc4 Rxc4 43. Kh2 Bxf2 44. Qxf2 Qc3 45. Kg2 Qe5 46. Qf1 Rc2+
47. Kg1 Qc5+ 48. Kh1 Rc1 49. Bd1 Qd5+ 0-1

[Event "Miedzywojewodzkie Mistrzostwa Juniorow ("]
[Site "Centrum Konferencyjno-Sportowe"]
[Date "2012.??.??"]
[Round "6.4"]
[White "Kozakow, Aleksy"]
[Black "Szustakowski, Antoni"]
[Result "0-1"]
[WhiteElo "1655"]
[BlackElo "1532"]
[PlyCount "94"]
[EventDate "2012.??.??"]

1. Nf3 Nf6 2. b3 g6 3. Bb2 Bg7 4. e3 d5 5. Be2 O-O 6. O-O c5 7. d3 b6 8. c4 e6
9. Nbd2 Bb7 10. Rc1 Nc6 11. d4 cxd4 12. exd4 dxc4 13. bxc4 Rc8 14. Nb3 Ne7 15.
Ne5 Nc6 16. f4 Bh6 17. Rc3 Bg7 18. Bf3 Nd7 19. Rd3 Qe7 20. Nxd7 Qxd7 21. Qd2
Ne7 22. d5 exd5 23. Bxg7 Kxg7 24. cxd5 Ba6 25. Rd1 Bxd3 26. Qxd3 Rcd8 27. Nd4
Nxd5 28. Nf5+ Qxf5 29. Qxf5 gxf5 30. Rxd5 Rxd5 31. Bxd5 Rd8 32. Bb3 Rd2 33. h3
b5 34. a4 bxa4 35. Bxa4 Rd4 36. Bb5 Rxf4 37. Kh2 a5 38. Kg3 Rb4 39. Bd7 a4 40.
Bxf5 a3 41. Bg4 Rxg4+ 42. Kxg4 a2 43. Kh4 a1=Q 44. g4 Qf6+ 45. g5 Qf4+ 46. Kh5
Qg3 47. h4 Qf3# 0-1

[Event "Miedzywojewodzkie Mistrzostwa Juniorow ("]
[Site "Centrum Konferencyjno-Sportowe"]
[Date "2012.??.??"]
[Round "6.5"]
[White "Konewko, Konrad"]
[Black "Niklas, Michal"]
[Result "1/2-1/2"]
[WhiteElo "1393"]
[BlackElo "1401"]
[PlyCount "117"]
[EventDate "2012.??.??"]

1. c4 e5 2. Nc3 Nf6 3. d3 Bb4 4. Bd2 d5 5. cxd5 Nxd5 6. e4 Nxc3 7. Bxc3 Bxc3+
8. bxc3 Nc6 9. Nf3 O-O 10. Be2 f5 11. exf5 Bxf5 12. O-O Qf6 13. Qb3+ Kh8 14.
Qxb7 Qd6 15. Rad1 Rab8 16. Qa6 Rb6 17. Qa4 Rb2 18. Rfe1 Be6 19. Ra1 Rf4 20. Qd1
Rxa2 21. Rxa2 Bxa2 22. Qc2 Be6 23. Ng5 h6 24. Nxe6 Qxe6 25. Bf3 Ne7 26. Qb2 Qd6
27. Qb8+ Ng8 28. Qxa7 Qxd3 29. Qxc7 Rc4 30. Qxe5 Rxc3 31. h3 Qd2 32. Rd1 Qb2
33. Qe8 Rc1 34. Qd8 Qc3 35. Rxc1 Qxc1+ 36. Qd1 Qc7 37. Qa1 Ne7 38. Qa8+ Qc8 39.
Qxc8+ Nxc8 40. g4 Nd6 41. Kg2 g6 42. h4 Kg7 43. Bd5 Ne8 44. Kg3 Nf6 45. Bg2 Nh7
46. f4 Kf6 47. Be4 Nf8 48. g5+ hxg5 49. fxg5+ Kg7 50. Kg4 Ne6 51. Bb1 Kh7 52.
h5 Kg7 53. Bxg6 Nd4 54. Bf5 Nc6 55. Kf4 Nd8 56. h6+ Kf8 57. Ke5 Nf7+ 58. Kf6
Nxg5 59. Kxg5 1/2-1/2

[Event "Miedzywojewodzkie Mistrzostwa Juniorow ("]
[Site "Centrum Konferencyjno-Sportowe"]
[Date "2012.??.??"]
[Round "6.7"]
[White "Drozdz, Jakub"]
[Black "Kankowski, Daniel"]
[Result "1/2-1/2"]
[WhiteElo "1371"]
[BlackElo "1442"]
[PlyCount "115"]
[EventDate "2012.??.??"]

1. c4 e6 2. Nc3 c5 3. Nf3 Nf6 4. g3 Nc6 5. Bg2 Be7 6. O-O d5 7. cxd5 exd5 8. d4
O-O 9. Re1 c4 10. Bg5 Be6 11. e3 h6 12. Bxf6 Bxf6 13. Qd2 Nb4 14. Red1 Qd6 15.
Nb5 Qe7 16. a3 Nc6 17. Re1 a6 18. Nc3 Qd7 19. Rec1 b5 20. a4 b4 21. Ne2 a5 22.
Bf1 Rfc8 23. Nf4 Bf5 24. Rd1 g5 25. Ng2 Be4 26. Nfe1 Be7 27. f3 Bg6 28. Nc2 b3
29. Nce1 f5 30. f4 g4 31. Nh4 Kg7 32. Nxg6 Kxg6 33. h3 h5 34. h4 Nb4 35. Qf2
Rf8 36. Rd2 Na2 37. Bg2 Rad8 38. Qf1 Qxa4 39. Kh2 Qc6 40. Qf2 a4 41. Bh1 Bb4
42. Re2 a3 43. Kg2 axb2 44. Rxb2 Bc3 45. Raxa2 Bxb2 46. Rxb2 Qa4 47. Qd2 Rc8
48. Qc3 Ra8 49. Kf2 Qa1 50. Bxd5 Ra2 51. Nd3 cxd3 52. Qc6+ Kg7 53. Qc7+ Kg6 54.
Qc6+ Rf6 55. Qe8+ Kg7 56. Qg8+ Kh6 57. Qh8+ Kg6 58. Qg8+ 1/2-1/2

[Event "Miedzywojewodzkie Mistrzostwa Juniorow ("]
[Site "Centrum Konferencyjno-Sportowe"]
[Date "2012.??.??"]
[Round "7.1"]
[White "Solnicki, Maciej"]
[Black "Oleszek, Maciej"]
[Result "1/2-1/2"]
[WhiteElo "1506"]
[BlackElo "1654"]
[PlyCount "30"]
[EventDate "2012.??.??"]

1. e4 c5 2. Nc3 d6 3. f4 Nc6 4. Nf3 Nf6 5. Bb5 a6 6. Bxc6+ bxc6 7. O-O Qb6 8.
Kh1 c4 9. d3 Ng4 10. Qe1 cxd3 11. cxd3 e5 12. h3 h5 13. fxe5 dxe5 14. Qg3 Be6
15. Ng5 Be7 1/2-1/2

[Event "Miedzywojewodzkie Mistrzostwa Juniorow ("]
[Site "Centrum Konferencyjno-Sportowe"]
[Date "2012.??.??"]
[Round "7.2"]
[White "Kaczkowski, Maciej"]
[Black "Gajda, Stanislaw"]
[Result "1/2-1/2"]
[WhiteElo "1604"]
[BlackElo "1637"]
[PlyCount "55"]
[EventDate "2012.??.??"]

1. e4 e5 2. Nf3 Nf6 3. Nc3 Nc6 4. d4 exd4 5. Nxd4 Bb4 6. Nxc6 bxc6 7. Bd3 O-O
8. O-O Re8 9. Qf3 Bxc3 10. bxc3 h6 11. Ba3 d5 12. exd5 cxd5 13. Rfe1 Be6 14.
Bc5 c6 15. Bd4 Nh7 16. Qg3 Qg5 17. Qxg5 Nxg5 18. h4 Nh7 19. Rab1 Reb8 20. Rb3
Rxb3 21. axb3 a6 22. Ra1 Bc8 23. Re1 Be6 24. f4 g6 25. Kf2 Nf8 26. Ra1 Bc8 27.
Kf3 h5 28. b4 1/2-1/2

[Event "Miedzywojewodzkie Mistrzostwa Juniorow ("]
[Site "Centrum Konferencyjno-Sportowe"]
[Date "2012.??.??"]
[Round "7.3"]
[White "Szustakowski, Antoni"]
[Black "Mrozowski, Jan"]
[Result "1/2-1/2"]
[WhiteElo "1532"]
[BlackElo "1554"]
[PlyCount "113"]
[EventDate "2012.??.??"]

1. d4 Nf6 2. c4 g6 3. Nc3 d5 4. cxd5 Nxd5 5. e4 Nxc3 6. bxc3 Bg7 7. Bc4 c5 8.
Ne2 Nc6 9. Be3 Qa5 10. O-O O-O 11. f3 Rd8 12. Qb3 cxd4 13. Bxf7+ Kh8 14. cxd4
Nxd4 15. Bxd4 Bxd4+ 16. Nxd4 Rxd4 17. Bd5 Qb6 18. Qxb6 axb6 19. Rfd1 Rxd1+ 20.
Rxd1 Bd7 21. Bxb7 Ba4 22. Bxa8 Bxd1 23. Bd5 Ba4 24. Kf2 e5 25. Ke3 Kg7 26. Kd3
Bb5+ 27. Bc4 Bd7 28. Kc3 Kf6 29. Kb4 Ke7 30. g3 g5 31. Bg8 h6 32. Kc4 Kd6 33.
Bd5 Be8 34. Kd3 Bd7 35. Ke3 h5 36. f4 gxf4+ 37. gxf4 h4 38. f5 Bxf5 39. exf5
Kxd5 40. Kf3 e4+ 41. Ke3 Ke5 42. f6 Kxf6 43. Kxe4 Kg5 44. h3 b5 45. a3 Kf6 46.
Kd5 Kf5 47. Kc5 Kf4 48. Kxb5 Kg3 49. a4 Kxh3 50. a5 Kg2 51. a6 h3 52. a7 h2 53.
a8=Q+ Kg1 54. Qa1+ Kg2 55. Qb2+ Kg1 56. Qd4+ Kg2 57. Qg4+ 1/2-1/2

[Event "Miedzywojewodzkie Mistrzostwa Juniorow ("]
[Site "Centrum Konferencyjno-Sportowe"]
[Date "2012.??.??"]
[Round "7.4"]
[White "Bober, Wojciech"]
[Black "Koseski, Damian"]
[Result "0-1"]
[WhiteElo "1405"]
[BlackElo "1645"]
[PlyCount "68"]
[EventDate "2012.??.??"]

1. e4 c5 2. Nf3 d6 3. d4 cxd4 4. Nxd4 Nf6 5. Nc3 g6 6. Be2 Bg7 7. O-O Bd7 8.
Kh1 Nc6 9. Nb3 O-O 10. Be3 Qc8 11. f4 Ng4 12. Bg1 Nf6 13. Be3 Bg4 14. Bg1 Bxe2
15. Qxe2 Qg4 16. Rf3 Nh5 17. Qd2 Qe6 18. Re1 Qc4 19. g4 Nf6 20. Qg2 Nd7 21. h4
Nd4 22. Nxd4 Bxd4 23. Bxd4 Qxd4 24. h5 Qg7 25. hxg6 fxg6 26. Ref1 Rf7 27. g5
Raf8 28. Qf2 b6 29. a3 Ne5 30. Nd5 Nxf3 31. Qxf3 Qxb2 32. Rf2 Rc8 33. Qg2 Qxa3
34. Rf3 Qc1+ 0-1

[Event "Miedzywojewodzkie Mistrzostwa Juniorow ("]
[Site "Centrum Konferencyjno-Sportowe"]
[Date "2012.??.??"]
[Round "7.5"]
[White "Niklas, Michal"]
[Black "Trendowski, Michal"]
[Result "1-0"]
[WhiteElo "1401"]
[BlackElo "1421"]
[PlyCount "49"]
[EventDate "2012.??.??"]

1. e4 c5 2. Nf3 Nc6 3. d4 cxd4 4. Nxd4 Nf6 5. Nc3 e5 6. Ndb5 d6 7. Bg5 a6 8.
Bxf6 gxf6 9. Na3 b5 10. Nd5 f5 11. exf5 Bxf5 12. Qd2 h5 13. c3 Bh6 14. Qd1 Rg8
15. Qxh5 Bg5 16. h4 Bg4 17. Qh7 Kd7 18. hxg5 Ke6 19. Rh6+ Kxd5 20. Qxf7+ Kc5
21. b4+ Kb6 22. Qd5 Bd7 23. Rxd6 Ra7 24. Rd1 Rg7 25. Rxc6+ 1-0

[Event "Miedzywojewodzkie Mistrzostwa Juniorow ("]
[Site "Centrum Konferencyjno-Sportowe"]
[Date "2012.??.??"]
[Round "7.6"]
[White "Kankowski, Daniel"]
[Black "Konewko, Konrad"]
[Result "0-1"]
[WhiteElo "1442"]
[BlackElo "1393"]
[PlyCount "108"]
[EventDate "2012.??.??"]

1. d4 Nf6 2. c4 g6 3. Nc3 d5 4. cxd5 Nxd5 5. e4 Nxc3 6. bxc3 Bg7 7. Nf3 c5 8.
Be2 O-O 9. O-O Nc6 10. Be3 Bg4 11. d5 Ne5 12. Nxe5 Bxe2 13. Qxe2 Bxe5 14. Bxc5
Bxc3 15. Rac1 Bg7 16. Qb5 b6 17. Ba3 Re8 18. Rc6 Qd7 19. Rfc1 Rac8 20. Qb4 Bf8
21. Qb2 Bg7 22. Qd2 Rxc6 23. Rxc6 Rd8 24. Qc2 Be5 25. g3 Rb8 26. Qc4 Re8 27. f4
Bb8 28. e5 e6 29. d6 a6 30. Qc2 b5 31. Kf1 a5 32. Bc1 b4 33. Be3 Qb7 34. Kf2
Qb5 35. Rc8 Kg7 36. Rxe8 Qxe8 37. Bb6 a4 38. Qd3 Qd7 39. Qc4 Qb7 40. Bd4 b3 41.
Bb2 Ba7+ 42. Ke1 Qh1+ 43. Kd2 Qxh2+ 44. Qe2 Qxe2+ 45. Kxe2 bxa2 46. Kd3 Kf8 47.
Kc4 Ke8 48. Kb4 Bf2 49. Kb5 Kd7 50. g4 Bg3 51. Kxa4 Bxf4 52. Ka3 h5 53. gxh5
gxh5 54. Kxa2 h4 0-1

[Event "Miedzywojewodzkie Mistrzostwa Juniorow ("]
[Site "Centrum Konferencyjno-Sportowe"]
[Date "2012.??.??"]
[Round "8.1"]
[White "Oleszek, Maciej"]
[Black "Koseski, Damian"]
[Result "1/2-1/2"]
[WhiteElo "1654"]
[BlackElo "1645"]
[PlyCount "24"]
[EventDate "2012.??.??"]

1. d4 Nf6 2. Nf3 g6 3. Bf4 Bg7 4. e3 O-O 5. Bd3 d5 6. Nbd2 Nbd7 7. c3 c5 8. O-O
c4 9. Bc2 Nh5 10. Bg3 Nxg3 11. hxg3 f5 12. b3 b5 1/2-1/2

[Event "Miedzywojewodzkie Mistrzostwa Juniorow ("]
[Site "Centrum Konferencyjno-Sportowe"]
[Date "2012.??.??"]
[Round "8.2"]
[White "Kaczkowski, Maciej"]
[Black "Solnicki, Maciej"]
[Result "1/2-1/2"]
[WhiteElo "1604"]
[BlackElo "1506"]
[PlyCount "22"]
[EventDate "2012.??.??"]

1. e4 c5 2. Nf3 d6 3. d4 cxd4 4. Nxd4 Nf6 5. Nc3 g6 6. f4 Nc6 7. Bb5 Bd7 8. Nf3
Bg7 9. Bd3 O-O 10. O-O Rc8 11. Kh1 Be6 1/2-1/2

[Event "Miedzywojewodzkie Mistrzostwa Juniorow ("]
[Site "Centrum Konferencyjno-Sportowe"]
[Date "2012.??.??"]
[Round "8.3"]
[White "Konewko, Konrad"]
[Black "Szustakowski, Antoni"]
[Result "1-0"]
[WhiteElo "1393"]
[BlackElo "1532"]
[PlyCount "117"]
[EventDate "2012.??.??"]

1. c4 Nf6 2. d4 g6 3. Nc3 d5 4. cxd5 Nxd5 5. e4 Nxc3 6. bxc3 Bg7 7. Bc4 c5 8.
Nf3 Nc6 9. Be3 Bg4 10. Bxf7+ Kxf7 11. Ng5+ Ke8 12. Qxg4 Qd7 13. Qxd7+ Kxd7 14.
O-O h6 15. Nf3 Rad8 16. Rfd1 Kc8 17. Rac1 Nb8 18. Nd2 cxd4 19. cxd4+ Kd7 20.
Nb3 b6 21. a4 Rc8 22. a5 Rxc1 23. Rxc1 Rc8 24. axb6 Rxc1+ 25. Nxc1 axb6 26. Kf1
Na6 27. Nd3 b5 28. Ke2 Kd6 29. h4 Ke6 30. g4 Kf7 31. Kd2 Nc7 32. Kc3 Na6 33.
Kb3 Nc7 34. Kb4 Bf8 35. Ne5+ Kg7 36. Nd7 h5 37. Nxf8 Kxf8 38. g5 Ke8 39. Bf4
Ne6 40. Be5 Kd7 41. Kxb5 Nd8 42. f4 e6 43. Kc5 Nb7+ 44. Kb6 Nd8 45. Bf6 Nf7 46.
e5 Nd6 47. exd6 Kxd6 48. Be5+ Kd5 49. Kc7 Ke4 50. Kd6 Kf5 51. Ke7 Kg4 52. Kxe6
Kxh4 53. d5 Kg4 54. d6 h4 55. d7 Kg3 56. d8=Q h3 57. f5+ Kg2 58. fxg6 h2 59.
Bxh2 1-0

[Event "Miedzywojewodzkie Mistrzostwa Juniorow ("]
[Site "Centrum Konferencyjno-Sportowe"]
[Date "2012.??.??"]
[Round "8.4"]
[White "Kozakow, Aleksy"]
[Black "Niklas, Michal"]
[Result "1-0"]
[WhiteElo "1655"]
[BlackElo "1401"]
[PlyCount "33"]
[EventDate "2012.??.??"]

1. Nf3 d5 2. b3 Nc6 3. Bb2 Bg4 4. d4 Bxf3 5. exf3 e6 6. Bd3 Bd6 7. c3 Nf6 8.
Nd2 Qe7 9. c4 Nb4 10. Be2 b6 11. a3 Nc6 12. O-O O-O 13. Qc2 Nd8 14. Bd3 c5 15.
dxc5 Bxc5 16. cxd5 exd5 17. Rfe1 1-0

[Event "Miedzywojewodzkie Mistrzostwa Juniorow ("]
[Site "Centrum Konferencyjno-Sportowe"]
[Date "2012.??.??"]
[Round "8.6"]
[White "Drozdz, Jakub"]
[Black "Mrozowski, Jan"]
[Result "1/2-1/2"]
[WhiteElo "1371"]
[BlackElo "1554"]
[PlyCount "49"]
[EventDate "2012.??.??"]

1. c4 Nf6 2. Nc3 g6 3. Nf3 d5 4. cxd5 Nxd5 5. g3 Nxc3 6. bxc3 Bg7 7. Bg2 Bf5 8.
O-O c6 9. d4 O-O 10. Bf4 Qa5 11. Qd2 Rd8 12. Bxb8 Raxb8 13. e3 e5 14. Qb2 exd4
15. cxd4 c5 16. Rfd1 cxd4 17. exd4 Be4 18. Ne5 Bxg2 19. Kxg2 Qd5+ 20. Nf3 Rd7
21. Rd3 Rbd8 22. Rad1 Qe4 23. Kg1 Qe6 24. Qb3 Qxb3 25. axb3 1/2-1/2

[Event "Miedzywojewodzkie Mistrzostwa Juniorow ("]
[Site "Centrum Konferencyjno-Sportowe"]
[Date "2012.??.??"]
[Round "8.7"]
[White "Trendowski, Michal"]
[Black "Kankowski, Daniel"]
[Result "1-0"]
[WhiteElo "1421"]
[BlackElo "1442"]
[PlyCount "53"]
[EventDate "2012.??.??"]

1. e4 e6 2. d4 d5 3. e5 c5 4. dxc5 Bxc5 5. Bd3 Nc6 6. Nf3 Nge7 7. O-O O-O 8.
Bxh7+ Kxh7 9. Ng5+ Kg6 10. h4 Rh8 11. Qg4 f5 12. Qg3 Qg8 13. Nxe6+ Kf7 14. Nxc5
Ng6 15. Re1 Qh7 16. Bg5 Nxh4 17. e6+ Ke8 18. Bxh4 Qxh4 19. Qg6+ Ke7 20. Kf1
Qc4+ 21. Nd3 Rh1+ 22. Ke2 Qxc2+ 23. Nd2 Rxe1+ 24. Rxe1 Nd4+ 25. Ke3 Qa4 26.
Qxg7+ Kxe6 27. Nc5+ 1-0

[Event "Miedzywojewodzkie Mistrzostwa Juniorow ("]
[Site "Centrum Konferencyjno-Sportowe"]
[Date "2012.??.??"]
[Round "9.1"]
[White "Oleszek, Maciej"]
[Black "Konewko, Konrad"]
[Result "1-0"]
[WhiteElo "1654"]
[BlackElo "1393"]
[PlyCount "99"]
[EventDate "2012.??.??"]

1. d4 Nf6 2. Nf3 d5 3. Bf4 e6 4. e3 Bd6 5. Bg3 O-O 6. Bd3 c5 7. c3 Nc6 8. Nbd2
Re8 9. O-O Bxg3 10. hxg3 c4 11. Bc2 Bd7 12. e4 Kh8 13. Ng5 Rf8 14. e5 Ne4 15.
Ndxe4 dxe4 16. Qh5 h6 17. Nxf7+ Rxf7 18. Qxf7 Rc8 19. Bxe4 b5 20. Qg6 Qg8 21.
g4 Be8 22. Qh7+ Qxh7 23. Bxh7 Kxh7 24. f4 a5 25. f5 Bf7 26. a3 Ne7 27. Rf3 Nd5
28. Kf2 Rc7 29. Rh1 Kg8 30. g5 hxg5 31. Rfh3 Kf8 32. Rh8+ Bg8 33. fxe6 Nf4 34.
g3 Nxe6 35. Ke3 Rf7 36. d5 Nc5 37. e6 Rf5 38. e7+ Kxe7 39. Rxg8 Rxd5 40. Rxg7+
Kf6 41. Rc7 Rd3+ 42. Ke2 Ne4 43. Rf1+ Kg6 44. Rff7 Nxg3+ 45. Ke1 Kh5 46. Rfd7
Rxd7 47. Rxd7 Kh4 48. Kf2 Ne4+ 49. Kg2 Nd2 50. Rxd2 1-0

[Event "Miedzywojewodzkie Mistrzostwa Juniorow ("]
[Site "Centrum Konferencyjno-Sportowe"]
[Date "2012.??.??"]
[Round "9.2"]
[White "Trendowski, Michal"]
[Black "Kaczkowski, Maciej"]
[Result "1/2-1/2"]
[WhiteElo "1421"]
[BlackElo "1604"]
[PlyCount "50"]
[EventDate "2012.??.??"]

1. e4 e5 2. Nf3 Nc6 3. Bb5 a6 4. Bxc6 dxc6 5. Nc3 Bd6 6. d4 Bg4 7. dxe5 Bxf3 8.
Qxf3 Bxe5 9. Bf4 Qf6 10. Bxe5 Qxe5 11. O-O-O Nf6 12. Qg3 Qxg3 13. hxg3 O-O 14.
e5 Ng4 15. Rh4 Nxe5 16. Re4 f6 17. f4 Ng6 18. Rd7 Rf7 19. Red4 Raf8 20. Ne4 b6
21. Nf2 Rxd7 22. Rxd7 Rf7 23. Rd8+ Rf8 24. Rd7 Rf7 25. Rd8+ Rf8 1/2-1/2

[Event "Miedzywojewodzkie Mistrzostwa Juniorow ("]
[Site "Centrum Konferencyjno-Sportowe"]
[Date "2012.??.??"]
[Round "9.3"]
[White "Szustakowski, Antoni"]
[Black "Solnicki, Maciej"]
[Result "1-0"]
[WhiteElo "1532"]
[BlackElo "1506"]
[PlyCount "41"]
[EventDate "2012.??.??"]

1. d4 d5 2. c4 c6 3. Nf3 e6 4. Nc3 dxc4 5. e4 b5 6. a3 Nf6 7. Bf4 Bb7 8. Qc2
Be7 9. Be2 O-O 10. O-O a6 11. Rad1 Nbd7 12. Rfe1 Rc8 13. Qb1 Qb6 14. Be3 Qc7
15. h3 Rfd8 16. Ng5 g6 17. e5 Nd5 18. Nxd5 cxd5 19. Bg4 h6 20. Bxe6 fxe6 21.
Qxg6+ 1-0

[Event "Miedzywojewodzkie Mistrzostwa Juniorow ("]
[Site "Centrum Konferencyjno-Sportowe"]
[Date "2012.??.??"]
[Round "9.4"]
[White "Koseski, Damian"]
[Black "Gajda, Stanislaw"]
[Result "1/2-1/2"]
[WhiteElo "1645"]
[BlackElo "1637"]
[PlyCount "46"]
[EventDate "2012.??.??"]

1. d4 Nf6 2. c4 e6 3. Nf3 d5 4. Nc3 Bb4 5. e3 O-O 6. cxd5 Nxd5 7. Bd2 c5 8.
Nxd5 Bxd2+ 9. Qxd2 Qxd5 10. dxc5 Qxc5 11. Bd3 Nc6 12. O-O Rd8 13. Rac1 Qd6 14.
Rfd1 g6 15. Bb5 Qc7 16. Qc3 Bd7 17. Nd4 Rac8 18. g3 a6 19. Nxc6 Bxc6 20. Bxc6
Rxd1+ 21. Rxd1 Qxc6 22. Qxc6 Rxc6 23. Rd7 b6 1/2-1/2